000 00228nam a22000857a 4500
008 160711b xxu||||| |||| 00| 0 eng d
100 _92551
_a Dickson, G.J.S
245 _aHiggin's Technical Writing
260 _aAllahabad
_bGodwin
_c2004
999 _c2217
_d2217